[Event "DLM 2013"]
[Site "?"]
[Date "2013.10.03"]
[Round "2.4"]
[White "Düssler, Stefanie"]
[Black "Schwarzat, Julian"]
[Result "1-0"]
[WhiteElo "2089"]
[BlackElo "2030"]
[PlyCount "73"]
[EventDate "2013.??.??"]
[WhiteTeam "Niedersachsen 1"]
[BlackTeam "Schleswig-Holstein"]

1. e4 c6 2. d4 g6 3. Nc3 d5 4. Be3 Bg7 5. Qd2 dxe4 6. Nxe4 Nf6 7. Nxf6+ exf6 8.
O-O-O O-O 9. Bh6 Nd7 10. h4 Nb6 11. Bxg7 Kxg7 12. h5 g5 13. h6+ Kh8 14. c3 Bf5
15. Bd3 Qd5 16. Bxf5 Qxf5 17. Ne2 Nc4 18. Qd3 Qd5 19. Kb1 f5 20. f4 f6 21. Ng3
Nd6 22. Rhf1 Rae8 23. Rf3 Ne4 24. c4 Qe6 25. d5 cxd5 26. cxd5 Qb6 27. Rc1 g4
28. Rff1 Nxg3 29. Qxg3 Re3 30. Qf2 Qd4 31. Rfd1 Qe4+ 32. Qc2 Qxf4 33. d6 Ree8
34. d7 Rd8 35. Qc7 Qxh6 36. Re1 Kg7 37. Re8 1-0

[Event "DLM 2013"]
[Site "?"]
[Date "2013.10.03"]
[Round "2.5"]
[White "Polert, Annika"]
[Black "Bruns, Kai-Christian"]
[Result "0-1"]
[WhiteElo "1822"]
[BlackElo "1974"]
[PlyCount "98"]
[EventDate "2013.??.??"]
[WhiteTeam "Schleswig-Holstein"]
[BlackTeam "Niedersachsen 1"]

1. e4 c5 2. Nf3 Nc6 3. d4 cxd4 4. Nxd4 Nf6 5. Nc3 e6 6. Bg5 Be7 7. Nxc6 bxc6 8.
Qf3 Qa5 9. Bd2 Qb6 10. Rb1 O-O 11. Bd3 Ba6 12. O-O Bxd3 13. Qxd3 d5 14. e5 Nd7
15. Qg3 Kh8 16. Kh1 f6 17. exf6 Rxf6 18. Ne2 e5 19. f4 Raf8 20. Rf3 Bd6 21. Qh3
Qc7 22. f5 Nc5 23. Bg5 R6f7 24. f6 gxf6 25. Bh6 Rg8 26. Rbf1 Ne4 27. Nc3 Nxc3
28. bxc3 Qe7 29. Qh4 Rg6 30. Rf5 e4 31. Qh3 Qd7 32. Qe3 Be5 33. Rh5 Qg4 34. Qh3
Qxh3 35. Rxh3 f5 36. Bd2 f4 37. Rh5 Bd6 38. c4 d4 39. c5 Bc7 40. Rb1 Rfg7 41.
g3 fxg3 42. hxg3 Rxg3 43. Rf1 e3 44. Be1 e2 45. Rf8+ Rg8 46. Rxg8+ Rxg8 47. Rf5
Bg3 48. Bxg3 Rxg3 49. Re5 Re3 0-1

[Event "DLM 2013"]
[Site "?"]
[Date "2013.10.03"]
[Round "2.7"]
[White "Rosmait, Emily"]
[Black "Laubrock, Paul"]
[Result "1/2-1/2"]
[WhiteElo "1743"]
[BlackElo "1830"]
[PlyCount "119"]
[EventDate "2013.??.??"]
[WhiteTeam "Schleswig-Holstein"]
[BlackTeam "Niedersachsen 1"]

1. e4 c5 2. Nf3 e6 3. d4 cxd4 4. Nxd4 Nc6 5. Nxc6 bxc6 6. c4 Nf6 7. Bd3 d5 8.
exd5 cxd5 9. O-O Be7 10. Bg5 Bb7 11. Qa4+ Qd7 12. Qxd7+ Kxd7 13. cxd5 Nxd5 14.
Bd2 Bf6 15. Nc3 Nxc3 16. bxc3 Rac8 17. Rab1 Bd5 18. Bb5+ Ke7 19. c4 Bc6 20.
Bxc6 Rxc6 21. Rb7+ Kd8 22. Ba5+ Kc8 23. Rxa7 Kb8 24. Rxf7 Rxc4 25. Rb1+ Ka8 26.
a3 Ra4 27. Bb4 Rb8 28. Rd1 Bb2 29. g3 Bf6 30. Rdd7 h6 31. h4 Rc8 32. Rc7 Rb8
33. Rfd7 Ra6 34. Kg2 Ra4 35. Rf7 Ra6 36. Rfd7 Ra4 37. Rc6 Re8 38. Rdd6 e5 39.
Rd7 e4 40. Rcc7 g5 41. Rc6 Bb2 42. Rxh6 gxh4 43. Rxh4 Bxa3 44. Bxa3 Rxa3 45.
Rhh7 e3 46. fxe3 Raxe3 47. Ra7+ Kb8 48. Rab7+ Ka8 49. Rhg7 Re2+ 50. Kh3 R2e3
51. Rb4 Ra3 52. Rgg4 Rae3 53. Rg5 Ra3 54. Kh4 Rh8+ 55. Kg4 Rf8 56. Rbb5 Re3 57.
Kh5 Rh8+ 58. Kg6 Rxg3 59. Rxg3 Rg8+ 60. Kf6 1/2-1/2

[Event "DLM 2013"]
[Site "?"]
[Date "2013.10.03"]
[Round "2.8"]
[White "Schulze, Lara"]
[Black "Köhler, Inken"]
[Result "0-1"]
[WhiteElo "1561"]
[BlackElo "1627"]
[PlyCount "50"]
[EventDate "2013.??.??"]
[WhiteTeam "Niedersachsen 1"]
[BlackTeam "Schleswig-Holstein"]

1. d4 d5 2. c4 e6 3. Nc3 Nf6 4. Nf3 Be7 5. Bf4 a6 6. e3 O-O 7. h3 Nbd7 8. Rc1
dxc4 9. Bxc4 b5 10. Bd3 c5 11. Ne4 Qa5+ 12. Qd2 Qxd2+ 13. Kxd2 c4 14. Bb1 Bb7
15. Nd6 Bd5 16. e4 Bc6 17. Ke3 Nb6 18. Nxf7 Rxf7 19. Ne5 Nfd5+ 20. exd5 Nxd5+
21. Kd2 Rxf4 22. Nxc6 Rxf2+ 23. Ke1 Bh4 24. Rd1 Rxg2+ 25. Kf1 Ne3# 0-1

[Event "DLM 2013"]
[Site " "]
[Date "2013.10.03"]
[Round "2.1"]
[White "Hahn, Markus"]
[Black "Zimmermann, Ulrich"]
[Result "0-1"]
[WhiteElo "2191"]
[BlackElo "2276"]
[PlyCount "106"]
[EventDate "2013.??.??"]
[WhiteTeam "Hessen"]
[BlackTeam "Württemberg"]

1. d4 Nf6 2. c4 c5 3. d5 g6 4. Nc3 Bg7 5. e4 d6 6. h3 O-O 7. Nf3 e6 8. Bd3 Na6
9. O-O Nc7 10. Re1 Rb8 11. Bf1 e5 12. a3 Nh5 13. b4 b6 14. Rb1 Bd7 15. Rb3 h6
16. Be3 Qf6 17. Kh2 Na6 18. Be2 Nf4 19. Bf1 g5 20. g3 Ng6 21. Be2 Qe7 22. Ng1
f5 23. exf5 Bxf5 24. Bg4 e4 25. Bxf5 Rxf5 26. Qg4 Re5 27. h4 Rf8 28. hxg5 hxg5
29. Nh3 cxb4 30. axb4 Nxb4 31. Rxb4 Ref5 32. Rc1 Bxc3 33. Rxc3 Ne5 34. Qh5 g4
35. Ng5 Qg7 36. Kg2 Nf3 37. Qxg4 Nxg5 38. Rc2 Nf3 39. Qxe4 Ne1+ 40. Kg1 Nxc2
41. Qxc2 Qg4 42. Ra4 Qg7 43. Qe4 Re5 44. Qh4 Qd7 45. Ra1 Rf7 46. Bd4 Rh7 47.
Qf6 Ree7 48. Qg6+ Kf8 49. Qf6+ Ke8 50. Bxb6 Qh3 51. Qg6+ Kf8 52. Qf6+ Kg8 53.
Qg6+ Rhg7 0-1

[Event "DLM 2013"]
[Site " "]
[Date "2013.10.03"]
[Round "2.2"]
[White "Gibicar, Danijel"]
[Black "Baskin, Robert"]
[Result "1-0"]
[WhiteElo "213"]
[BlackElo "2177"]
[PlyCount "69"]
[EventDate "2013.??.??"]
[WhiteTeam "Württemberg"]
[BlackTeam "Hessen"]

1. e4 c5 2. Nf3 d6 3. d4 cxd4 4. Nxd4 Nf6 5. Nc3 a6 6. Be3 e5 7. Nb3 Be6 8. f4
exf4 9. Bxf4 Nc6 10. Qe2 Be7 11. h3 Nd7 12. O-O-O Nce5 13. Kb1 O-O 14. g4 Re8
15. Qg2 Rc8 16. Nd5 Bg5 17. Bg3 Bh4 18. Nd4 Bxg3 19. Qxg3 Nc5 20. Bd3 Bxd5 21.
exd5 Ncxd3 22. cxd3 Qa5 23. Qg2 Qb6 24. Nf5 g6 25. Nh6+ Kg7 26. g5 Qd4 27. Qf1
Qxd5 28. Qf6+ Kf8 29. Rhf1 Rc7 30. d4 Nc4 31. Qh8+ Ke7 32. Rfe1+ Ne5 33. Qf6+
Kd7 34. dxe5 Rxe5 35. Qxe5 1-0

[Event "DLM 2013"]
[Site " "]
[Date "2013.10.03"]
[Round "2.3"]
[White "Galkin, Wladislaw"]
[Black "Walter, Kevin"]
[Result "1/2-1/2"]
[WhiteElo "2128"]
[BlackElo "1979"]
[PlyCount "97"]
[EventDate "2013.??.??"]
[WhiteTeam "Hessen"]
[BlackTeam "Württemberg"]

1. c4 c5 2. g3 Nc6 3. Bg2 g6 4. Nc3 Bg7 5. Nf3 e6 6. O-O Nge7 7. d3 O-O 8. Bg5
h6 9. Bd2 d5 10. Qc1 Kh7 11. Rb1 b6 12. a3 Bb7 13. b4 cxb4 14. axb4 Rc8 15. Rd1
a5 16. bxa5 dxc4 17. dxc4 Nxa5 18. Be3 Qe8 19. c5 Bxc3 20. Qxc3 Nd5 21. Rxd5
Bxd5 22. Ne5 Bxg2 23. Kxg2 h5 24. Rxb6 f6 25. Qxa5 fxe5 26. Qa6 Ra8 27. Rb7+
Kg8 28. Qd6 Rd8 29. Qb6 Rc8 30. Kg1 Rf7 31. Qa7 Rxb7 32. Qxb7 Rd8 33. Qe4 Rd5
34. h4 Kg7 35. Kh2 Qc6 36. Qf3 Qd7 37. Qe4 Qc6 38. Qf3 Qd7 39. g4 Qf7 40. Qe4
hxg4 41. Qxg4 Qf5 42. Qb4 Qf7 43. Qb8 Qg8 44. Qb6 Qd8 45. Qxe6 Qxh4+ 46. Kg2
Qe4+ 47. Kg3 Rd1 48. Qe7+ Kg8 49. Qe8+ 1/2-1/2

[Event "DLM 2013"]
[Site " "]
[Date "2013.10.03"]
[Round "2.4"]
[White "Schmidt, Tobias"]
[Black "Keller, Peter"]
[Result "1/2-1/2"]
[WhiteElo "1987"]
[BlackElo "1985"]
[PlyCount "24"]
[EventDate "2013.??.??"]
[WhiteTeam "Württemberg"]
[BlackTeam "Hessen"]

1. e4 e5 2. Nf3 Nc6 3. Bc4 Bc5 4. b4 Bxb4 5. c3 Be7 6. d4 Na5 7. Nxe5 Nxc4 8.
Nxc4 d5 9. exd5 Qxd5 10. Ne3 Qd8 11. O-O Nf6 12. Ba3 O-O 1/2-1/2

[Event "DLM 2013"]
[Site " "]
[Date "2013.10.03"]
[Round "2.5"]
[White "Schmalhorst, Sophia"]
[Black "Gaßmann, Linda"]
[Result "1/2-1/2"]
[WhiteElo "1965"]
[BlackElo "1865"]
[PlyCount "123"]
[EventDate "2013.??.??"]
[WhiteTeam "Hessen"]
[BlackTeam "Württemberg"]

1. e4 c5 2. Nf3 d6 3. d4 cxd4 4. Nxd4 Nf6 5. Nc3 g6 6. Be3 Bg7 7. h3 Nc6 8. Bc4
Bd7 9. Bb3 O-O 10. O-O Rc8 11. Re1 Ne5 12. Qe2 Qa5 13. Rad1 a6 14. Nd5 Nxd5 15.
exd5 b5 16. Bg5 Rfe8 17. c3 Nc4 18. Qc2 Bf6 19. Bxf6 exf6 20. Nf3 Bf5 21. Qc1
Ne5 22. Nd4 Bd7 23. Qf4 Kg7 24. Qg3 b4 25. cxb4 Qxb4 26. Nc2 Qb6 27. Ne3 Qb5
28. Ng4 Nxg4 29. hxg4 Re5 30. Rxe5 fxe5 31. g5 Qb4 32. Qf3 Bf5 33. a3 Qh4 34.
Qe3 Rh8 35. Qb6 Qxg5 36. Qxd6 Be4 37. g3 Qh5 38. Kf1 Qh1+ 39. Ke2 Qf3+ 40. Ke1
Re8 41. Ba4 Qh1+ 42. Kd2 Qf3 43. Bxe8 Qxf2+ 44. Kc3 Qc2+ 45. Kb4 Qxb2+ 46. Ka5
Qc3+ 47. Kxa6 Qc8+ 48. Ka7 Qxe8 49. Rc1 Qa4+ 50. Kb6 Qb3+ 51. Kc7 Bxd5 52.
Qxe5+ Kg8 53. Rc3 Qb7+ 54. Kd6 Be6 55. Qc5 Qd7+ 56. Ke5 Kg7 57. Kf4 Qa4+ 58.
Ke3 Kg8 59. Qd4 Qb5 60. a4 Qf1 61. Qd8+ Kg7 62. Qd4+ 1/2-1/2

[Event "DLM 2013"]
[Site " "]
[Date "2013.10.03"]
[Round "2.6"]
[White "Weber, Sandra"]
[Black "Schirra, Maurice"]
[Result "1-0"]
[WhiteElo "1767"]
[BlackElo "1713"]
[PlyCount "137"]
[EventDate "2013.??.??"]
[WhiteTeam "Württemberg"]
[BlackTeam "Hessen"]

1. e4 e5 2. Nc3 Nc6 3. f4 Bb4 4. Nf3 d6 5. Bb5 Bg4 6. h3 Bxf3 7. Qxf3 Nge7 8.
Ne2 Qd7 9. c3 Ba5 10. O-O Rf8 11. d4 a6 12. Ba4 b5 13. Bb3 O-O-O 14. d5 Nb8 15.
a4 Bb6+ 16. Be3 Bxe3+ 17. Qxe3 Kb7 18. axb5 Qxb5 19. Ra4 a5 20. Bc2 Qb6 21. Qf2
c6 22. c4 cxd5 23. cxd5 Qxf2+ 24. Kxf2 Rc8 25. Bd3 Rc5 26. Rfa1 Kb6 27. fxe5
dxe5 28. Nc3 f5 29. Ke3 fxe4 30. Bxe4 Nd7 31. Rd1 Nf5+ 32. Bxf5 Rxf5 33. g4 Rf8
34. Re4 h5 35. Na4+ Kb5 36. Nxc5 Kxc5 37. gxh5 Rf5 38. b3 Rxh5 39. Rc4+ Kb6 40.
h4 Nc5 41. b4 axb4 42. Rxb4+ Kc7 43. Rc1 Kd6 44. Rb6+ Kxd5 45. Rb5 Rxh4 46.
Rcxc5+ Ke6 47. Rxe5+ Kf6 48. Rf5+ Kg6 49. Rf4 Rh3+ 50. Ke4 Rh1 51. Rg4+ Kh6 52.
Rbg5 Re1+ 53. Kf5 Rf1+ 54. Ke6 Re1+ 55. Kf7 Rf1+ 56. Kg8 Ra1 57. Rxg7 Ra8+ 58.
Kf7 Ra7+ 59. Kf6 Ra6+ 60. Ke5 Ra5+ 61. Kd6 Ra6+ 62. Kc5 Ra5+ 63. Kb6 Rf5 64.
R7g6+ Kh5 65. Rg1 Rf4 66. Rg8 Rf6+ 67. Kc7 Rf7+ 68. Kd8 Rf6 69. Rh1# 1-0

[Event "DLM 2013"]
[Site " "]
[Date "2013.10.03"]
[Round "2.7"]
[White "Schneider, Sabrina"]
[Black "Degenhard, Simon"]
[Result "0-1"]
[WhiteElo "1440"]
[BlackElo "1670"]
[PlyCount "50"]
[EventDate "2013.??.??"]
[WhiteTeam "Hessen"]
[BlackTeam "Württemberg"]

1. e4 c5 2. Nf3 a6 3. c4 b6 4. d4 cxd4 5. Nxd4 Bb7 6. Nc3 e6 7. Be3 Qc7 8. f3
Nf6 9. Qd2 d6 10. O-O-O Nbd7 11. Kb1 Rc8 12. g4 Ne5 13. Rc1 Be7 14. h4 h5 15.
g5 Nfd7 16. Rg1 g6 17. f4 Ng4 18. f5 Nc5 19. Bd3 Nxe3 20. Qxe3 Nxd3 21. Qxd3 e5
22. Nde2 Qxc4 23. Qe3 gxf5 24. exf5 b5 25. Nd5 Qxd5 0-1

[Event "DLM 2013"]
[Site " "]
[Date "2013.10.03"]
[Round "2.8"]
[White "Mütsch, Annmarie"]
[Black "Reinecke, Katharina"]
[Result "1/2-1/2"]
[WhiteElo "1360"]
[BlackElo "1461"]
[PlyCount "99"]
[EventDate "2013.??.??"]
[WhiteTeam "Württemberg"]
[BlackTeam "Hessen"]

1. e4 c6 2. d4 d5 3. e5 Bf5 4. c4 e6 5. Nc3 Nd7 6. Nf3 h6 7. h3 Ne7 8. Be3 Bh7
9. Qb3 Qb6 10. Qxb6 Nxb6 11. cxd5 Nexd5 12. Nxd5 Nxd5 13. Bd2 Be7 14. a3 O-O
15. Be2 Rfd8 16. Rc1 Rac8 17. O-O Nc7 18. Bc3 Nd5 19. Ba5 Rd7 20. Bd2 Be4 21.
Rfd1 Nc7 22. Be3 Nd5 23. Bd2 Bf8 24. b4 Ne7 25. Bc3 Nf5 26. Bb2 Rcd8 27. Nd2
Bd5 28. Bf3 Bxf3 29. Nxf3 a5 30. bxa5 Ra8 31. g4 Ne7 32. Bc3 Nd5 33. Bb2 Rxa5
34. Ra1 Ra8 35. a4 Nf4 36. Kh2 Rad8 37. a5 c5 38. a6 bxa6 39. Rxa6 Ne2 40. Ra4
Nxd4 41. Nxd4 cxd4 42. Raxd4 Rxd4 43. Rxd4 Ra8 44. Kg2 Ra2 45. Bc3 Bc5 46. Rd8+
Kh7 47. Rd2 Rxd2 48. Bxd2 Bd4 49. f4 Kg8 50. Kf3 1/2-1/2

[Event "DLM 2013"]
[Site " "]
[Date "2013.10.03"]
[Round "2.1"]
[White "Günnigmann, Manuel"]
[Black "Kololli, Martin"]
[Result "0-1"]
[WhiteElo "2151"]
[BlackElo "2075"]
[PlyCount "108"]
[EventDate "2013.??.??"]
[WhiteTeam "Niedersachsen 2"]
[BlackTeam "Team Nord"]

1. e4 e5 2. Nf3 Nc6 3. Bb5 a6 4. Ba4 Nf6 5. O-O Be7 6. Re1 b5 7. Bb3 d6 8. c3
O-O 9. d4 Bg4 10. d5 Na5 11. Bc2 c6 12. h3 Bd7 13. Nxe5 dxe5 14. d6 Be6 15.
dxe7 Qxe7 16. Qf3 Nd7 17. Nd2 c5 18. Nf1 c4 19. Qg3 f6 20. Ne3 Nc5 21. Nd5 Bxd5
22. exd5 Rad8 23. Qh4 g6 24. Bh6 Rfe8 25. Rad1 Qf7 26. Be3 Nab7 27. b4 Nd7 28.
a4 Nd6 29. Qg3 Kh8 30. f4 e4 31. Qf2 f5 32. g4 h6 33. Kh1 Kh7 34. Rg1 Rg8 35.
g5 h5 36. Bc5 Nb7 37. d6 Nbxc5 38. bxc5 Rc8 39. axb5 axb5 40. Ra1 Nxc5 41. Qd4
Qg7 42. Rgb1 Qxd4 43. cxd4 Nd3 44. Rxb5 Rg7 45. h4 e3 46. Kg2 e2 47. Bxd3 cxd3
48. Rb2 Rc4 49. Kf2 Rxd4 50. Ke3 Rxd6 51. Kd2 Rc7 52. Rb3 Rc2+ 53. Ke3 Rd7 54.
Rb8 d2 0-1

[Event "DLM 2013"]
[Site " "]
[Date "2013.10.03"]
[Round "2.2"]
[White "Celmer, Ole"]
[Black "Kyas, Philipp"]
[Result "0-1"]
[WhiteElo "1890"]
[BlackElo "2061"]
[PlyCount "40"]
[EventDate "2013.??.??"]
[WhiteTeam "Team Nord"]
[BlackTeam "Niedersachsen 2"]

1. e4 e5 2. Nf3 Nc6 3. Bc4 Bc5 4. c3 Nf6 5. d3 a6 6. Bb3 Ba7 7. Nbd2 O-O 8. h3
h6 9. Nf1 d5 10. Qe2 Be6 11. g4 Na5 12. Nxe5 Nxb3 13. axb3 dxe4 14. dxe4 Nxe4
15. Ne3 Qf6 16. Ra5 Bb6 17. Nd5 Bxd5 18. Rxd5 Bxf2+ 19. Kd1 Ng3 20. Nd7 Qc6 0-1

[Event "DLM 2013"]
[Site " "]
[Date "2013.10.03"]
[Round "2.4"]
[White "Mieck, Jale"]
[Black "Rinck, Michael"]
[Result "1/2-1/2"]
[WhiteElo "1768"]
[BlackElo "1867"]
[PlyCount "53"]
[EventDate "2013.??.??"]
[WhiteTeam "Team Nord"]
[BlackTeam "Niedersachsen 2"]

1. e4 e6 2. d4 d5 3. Nc3 Nf6 4. Bg5 Be7 5. e5 Nfd7 6. h4 a6 7. Qg4 Bxg5 8. hxg5
Nf8 9. Bd3 g6 10. O-O-O c5 11. Nf3 c4 12. Bf1 b5 13. Nd2 b4 14. Ne2 Qa5 15. Kb1
Nc6 16. Rh3 Qb6 17. Qf4 a5 18. Rf3 Ra7 19. Re3 a4 20. Ka1 b3 21. a3 bxc2 22.
Rc1 Na5 23. Rxc2 Nb3+ 24. Kb1 Ba6 25. Nf3 Nd7 26. Nh2 Rf8 27. Nf3 1/2-1/2

[Event "DLM 2013"]
[Site " "]
[Date "2013.10.03"]
[Round "2.5"]
[White "Evers, Annika"]
[Black "Edel, Fenja"]
[Result "1-0"]
[WhiteElo "1845"]
[BlackElo "1700"]
[PlyCount "77"]
[EventDate "2013.??.??"]
[WhiteTeam "Niedersachsen 2"]
[BlackTeam "Team Nord"]

1. d4 d5 2. Nf3 Nf6 3. e3 c6 4. Nbd2 Bg4 5. Be2 e6 6. O-O Bd6 7. b3 Nbd7 8. Bb2
O-O 9. h3 Bh5 10. Ne5 Bxe2 11. Qxe2 Ne4 12. Rfd1 Bb4 13. Nxe4 dxe4 14. c4 Bd6
15. Kh1 f5 16. Rac1 Bxe5 17. dxe5 Qc7 18. Rd6 Rfe8 19. Bd4 Rad8 20. Rd1 c5 21.
Bb2 Nf8 22. Qd2 Rc8 23. Kg1 Kh8 24. Qe2 Kg8 25. Bc3 b6 26. f4 Kh8 27. Be1 Kg8
28. Bh4 Kh8 29. R1d2 Kg8 30. Qd1 Kh8 31. Kf1 Kg8 32. Qe2 Kh8 33. g4 Kg8 34. Qd1
Qf7 35. Rg2 Ng6 36. Rd7 Nxh4 37. Rxf7 Nxg2 38. Qd7 Nxe3+ 39. Ke2 1-0

[Event "DLM 2013"]
[Site " "]
[Date "2013.10.03"]
[Round "2.6"]
[White "Biastoch, Bennet"]
[Black "Phunhon Lopez, Daniel A"]
[Result "1-0"]
[WhiteElo "1742"]
[BlackElo "1710"]
[PlyCount "141"]
[EventDate "2013.??.??"]
[WhiteTeam "Team Nord"]
[BlackTeam "Niedersachsen 2"]

1. e4 c5 2. Nf3 e6 3. d4 cxd4 4. Nxd4 a6 5. Bd3 Nf6 6. Bg5 Qa5+ 7. Bd2 Qc7 8.
Nc3 Nc6 9. Nf3 Bc5 10. h3 Be7 11. Qe2 d6 12. Bf4 b5 13. O-O O-O 14. Rfd1 e5 15.
Bg5 Be6 16. a4 b4 17. Bxf6 Bxf6 18. Nd5 Bxd5 19. exd5 Nb8 20. Qe4 g6 21. Qxb4
Nd7 22. Qe1 Nc5 23. Qe2 Rfe8 24. Nd2 Qb7 25. Nb3 Nxb3 26. cxb3 Qxb3 27. Bxa6 e4
28. Bb5 Re7 29. Bc6 Rb8 30. Rab1 e3 31. fxe3 Rxe3 32. Qf1 Bxb2 33. a5 Re7 34.
Kh1 Rb4 35. a6 Qa3 36. Bb7 Be5 37. Ra1 Qg3 38. Qg1 Rexb7 39. axb7 Bxa1 40. Rb1
Rxb7 41. Rxb7 Be5 42. Rb1 g5 43. Rd1 Bf4 44. Ra1 Kg7 45. Ra7 Be5 46. Rb7 Kg6
47. Qb1+ f5 48. Kg1 Bd4+ 49. Kh1 Be5 50. Kg1 Qh2+ 51. Kf1 Qf4+ 52. Ke2 Bd4 53.
Qf1 Qe4+ 54. Kd1 Qxd5 55. Qb5 Bc5+ 56. Kc1 Be3+ 57. Kb2 Qxg2+ 58. Kb3 Qxh3 59.
Qe8+ Kh6 60. Qe6+ Kh5 61. Rxh7+ Kg4 62. Rxh3 Kxh3 63. Qxe3+ Kh4 64. Kc3 g4 65.
Kd4 g3 66. Qf4+ Kh3 67. Qxf5+ Kh2 68. Qh5+ Kg1 69. Ke3 g2 70. Qh3 d5 71. Kf3
1-0

[Event "DLM 2013"]
[Site " "]
[Date "2013.10.03"]
[Round "2.7"]
[White "Schlichter, Lisa"]
[Black "Sauer, Annika"]
[Result "1-0"]
[WhiteElo "1707"]
[BlackElo "1526"]
[PlyCount "39"]
[EventDate "2013.??.??"]
[WhiteTeam "Niedersachsen 2"]
[BlackTeam "Team Nord"]

1. e4 d5 2. exd5 Qxd5 3. Nc3 Qa5 4. d4 c6 5. Bc4 Bf5 6. Bd2 Qc7 7. Bxf7+ Kd8 8.
g4 Bd7 9. Qe2 Qb6 10. O-O-O Qxd4 11. Be3 Qf6 12. Qc4 Nh6 13. Be6 Qe5 14. Nf3
Qa5 15. Qd4 Qc7 16. Bf4 Qc8 17. Bxb8 Rxb8 18. Bxd7 Qc7 19. Bxc6+ Kc8 20. Nb5
1-0

[Event "DLM 2013"]
[Site " "]
[Date "2013.10.03"]
[Round "2.8"]
[White "Brunner, Sophia"]
[Black "Mönster, Madita"]
[Result "0-1"]
[WhiteElo "1325"]
[BlackElo "1466"]
[PlyCount "88"]
[EventDate "2013.??.??"]
[WhiteTeam "Team Nord"]
[BlackTeam "Niedersachsen 2"]

1. d4 Nf6 2. c4 e6 3. Nc3 Bb4 4. Nf3 O-O 5. Bg5 d5 6. e3 Nbd7 7. a3 Bxc3+ 8.
bxc3 c6 9. cxd5 cxd5 10. c4 Qc7 11. c5 Ne4 12. Bf4 Qa5+ 13. Nd2 Qc3 14. Ra2 f6
15. Qc2 Qxc2 16. Rxc2 e5 17. Bg3 Nxg3 18. hxg3 exd4 19. exd4 Re8+ 20. Kd1 Nf8
21. Bd3 Bd7 22. Kc1 g6 23. Nf3 Ne6 24. Re1 Rac8 25. Rce2 b6 26. Rc2 bxc5 27.
dxc5 Nxc5 28. Rxe8+ Bxe8 29. Nd4 Nxd3+ 30. Kd2 Rxc2+ 31. Nxc2 Nxf2 32. Ke3 Ne4
33. Kd4 Bc6 34. Nb4 Bb7 35. g4 Kf7 36. a4 Ke6 37. a5 Nf2 38. a6 Ba8 39. Kc5 h6
40. Nc6 Nd3+ 41. Kb5 Bxc6+ 42. Kxc6 Nb4+ 43. Kb7 Nxa6 44. Kxa6 Ke5 0-1

[Event "DLM 2013"]
[Site " "]
[Date "2013.10.03"]
[Round "2.1"]
[White "Kugler, Florian"]
[Black "Frischmann, Rick"]
[Result "0-1"]
[WhiteElo "2228"]
[BlackElo "2249"]
[PlyCount "101"]
[EventDate "2013.??.??"]
[WhiteTeam "Hamburg"]
[BlackTeam "Saarland"]

1. e4 c5 2. Nf3 e6 3. d4 cxd4 4. Nxd4 a6 5. Nc3 Qc7 6. g3 Bb4 7. Bd2 Nc6 8. Nb3
Be7 9. Bg2 Nf6 10. O-O O-O 11. f4 d6 12. g4 d5 13. exd5 Nb4 14. dxe6 Bxe6 15.
g5 Ng4 16. Kh1 Rad8 17. Qe2 h5 18. h3 Bc4 19. Qf3 Bxb3 20. cxb3 Rxd2 21. hxg4
hxg4 22. Qxg4 Nc2 23. Rac1 Ne3 24. Nd5 Nxg4 25. Rxc7 Bd8 26. Rxb7 Re8 27. Rb8
Kh7 28. Nc3 g6 29. f5 Ne3 30. fxg6+ Kxg6 31. Be4+ Kxg5 32. Rxf7 Ng4 33. Rf5+
Kh4 34. Rb4 Bg5 35. Rc4 Be3 36. Bg2 Rh8 37. Rcc5 Kg3+ 38. Rh5 Nf2+ 39. Kg1 Ng4+
40. Kh1 Rxh5+ 41. Rxh5 Nf2+ 42. Kg1 Nd3+ 43. Kh1 Rxg2 44. Ne4+ Kf3 45. Rh3+
Kxe4 46. Rxe3+ Kxe3 47. Kxg2 Nxb2 48. Kf1 Nd3 49. a3 Nc1 50. b4 Nd3 51. Kg2 0-1

[Event "DLM 2013"]
[Site " "]
[Date "2013.10.03"]
[Round "2.2"]
[White "Grewenig, Jan"]
[Black "Kramer, Julian"]
[Result "1-0"]
[WhiteElo "2153"]
[BlackElo "2137"]
[PlyCount "87"]
[EventDate "2013.??.??"]
[WhiteTeam "Saarland"]
[BlackTeam "Hamburg"]

1. e4 c5 2. Nf3 d6 3. d4 cxd4 4. Nxd4 Nf6 5. Nc3 a6 6. Bg5 e6 7. f4 Qb6 8. Qd2
Qxb2 9. Rb1 Qa3 10. f5 Nc6 11. fxe6 fxe6 12. Bxf6 gxf6 13. Nxc6 bxc6 14. Be2
Qc5 15. Na4 Qe5 16. O-O d5 17. exd5 Bd6 18. g3 cxd5 19. Rbe1 Ke7 20. Bf3 Qg5
21. Qxg5 fxg5 22. Bxd5 Rb8 23. Re2 Rb4 24. Nc3 Bc5+ 25. Kg2 Rd8 26. Be4 Bd4 27.
Nd1 Bf6 28. Nf2 h5 29. h3 h4 30. Ng4 Rf8 31. Ref2 Rxe4 32. Nxf6 Re3 33. g4 Bb7+
34. Kh2 Kd8 35. Rd2+ Kc8 36. Rdf2 Rg3 37. Rg1 Rc3 38. Rb1 Rf7 39. Rb3 Rc5 40.
Kg1 Kb8 41. Ne4 Rxf2 42. Nxc5 Rf7 43. Nxe6 Ka7 44. Nd8 1-0

[Event "DLM 2013"]
[Site " "]
[Date "2013.10.03"]
[Round "2.3"]
[White "Hinrichs, Lars"]
[Black "Müller, Max"]
[Result "1/2-1/2"]
[WhiteElo "2068"]
[BlackElo "1823"]
[PlyCount "56"]
[EventDate "2013.??.??"]
[WhiteTeam "Hamburg"]
[BlackTeam "Saarland"]

1. e4 c5 2. Nf3 d6 3. d4 cxd4 4. Nxd4 Nf6 5. Nc3 a6 6. Be3 e5 7. Nb3 Be7 8. h3
Be6 9. f4 Qc7 10. f5 Bc4 11. g4 h6 12. Qf3 b5 13. O-O-O Nbd7 14. Kb1 b4 15. Nd5
Nxd5 16. exd5 a5 17. Bxc4 Qxc4 18. Nd2 Qc7 19. Ne4 a4 20. Rh2 Nf6 21. Nxf6+
Bxf6 22. Qe4 Rb8 23. Rd3 Kd7 24. h4 Qa5 25. Bd2 Qc5 26. Be3 Qa5 27. Bd2 Qc5 28.
Be3 Qa5 1/2-1/2

[Event "DLM 2013"]
[Site " "]
[Date "2013.10.03"]
[Round "2.4"]
[White "Sonnhalter, Stella"]
[Black "Rogozenco, Teodora"]
[Result "0-1"]
[WhiteElo "1765"]
[BlackElo "1921"]
[PlyCount "34"]
[EventDate "2013.??.??"]
[WhiteTeam "Saarland"]
[BlackTeam "Hamburg"]

1. e4 c5 2. Nf3 e6 3. d4 cxd4 4. Nxd4 Nf6 5. f3 Nc6 6. Nxc6 bxc6 7. Bd3 d5 8.
Be3 Bd6 9. O-O Qc7 10. g3 dxe4 11. Be2 O-O 12. Nc3 Rb8 13. Rb1 Nd5 14. Qd4 Bxg3
15. hxg3 Qxg3+ 16. Kh1 Rb4 17. Bc4 Rxc4 0-1

[Event "DLM 2013"]
[Site " "]
[Date "2013.10.03"]
[Round "2.5"]
[White "Krüger, David"]
[Black "Müller, Sophie"]
[Result "1-0"]
[WhiteElo "1872"]
[BlackElo "1417"]
[PlyCount "79"]
[EventDate "2013.??.??"]
[WhiteTeam "Hamburg"]
[BlackTeam "Saarland"]

1. e4 c5 2. c3 Nf6 3. e5 Nd5 4. d4 d6 5. Bb5+ Nc6 6. Nf3 g6 7. O-O Bg7 8. exd6
exd6 9. Re1+ Kf8 10. dxc5 Nc7 11. Bxc6 bxc6 12. cxd6 Ne6 13. Na3 Rb8 14. Nc4
Bd7 15. Be3 c5 16. Qd2 h6 17. Rac1 Bb5 18. Nce5 Rb6 19. Red1 Kg8 20. b4 Ba4 21.
bxc5 Rb5 22. c4 Ra5 23. Re1 Nxc5 24. Bxc5 Rxc5 25. Nd3 Rc8 26. c5 Bc6 27. Nde5
h5 28. Qf4 Qf6 29. d7 Rc7 30. Nxc6 Rxc6 31. Re8+ Kh7 32. Ng5+ Kh6 33. Nxf7+ Kh7
34. Rxh8+ Bxh8 35. Qh6+ Kg8 36. d8=Q+ Kxf7 37. Qhf8+ Ke6 38. Re1+ Kf5 39. Qd5+
Kg4 40. Re4+ 1-0

[Event "DLM 2013"]
[Site " "]
[Date "2013.10.03"]
[Round "2.6"]
[White "Bureik, Nicolas"]
[Black "Brandt, Carina"]
[Result "0-1"]
[WhiteElo "1299"]
[BlackElo "1828"]
[PlyCount "72"]
[EventDate "2013.??.??"]
[WhiteTeam "Saarland"]
[BlackTeam "Hamburg"]

1. d4 d5 2. Nf3 Nf6 3. g3 Bf5 4. Bg2 e6 5. O-O Nbd7 6. Be3 h6 7. Nbd2 Be7 8. c4
c6 9. c5 O-O 10. h3 Ne4 11. Nxe4 Bxe4 12. b4 Bf6 13. Bc1 a5 14. Qd2 axb4 15.
Qxb4 Ra7 16. Be3 Qa8 17. a3 Ra4 18. Qc3 Qa6 19. Nd2 Bxg2 20. Kxg2 e5 21. Nf3
exd4 22. Bxd4 Bxd4 23. Nxd4 Rc4 24. Qb2 Nxc5 25. Rfb1 Na4 26. Qd2 Nc3 27. Rc1
Ne4 28. Qd3 Rxc1 29. Qxa6 bxa6 30. Rxc1 c5 31. f3 cxd4 32. fxe4 dxe4 33. Rc6
Rd8 34. Rxa6 d3 35. exd3 exd3 36. Rb6 d2 0-1

[Event "DLM 2013"]
[Site " "]
[Date "2013.10.03"]
[Round "2.7"]
[White "Meyling, Lennart"]
[Black "Recktenwald, Cedric"]
[Result "1-0"]
[WhiteElo "1620"]
[BlackElo "1258"]
[PlyCount "63"]
[EventDate "2013.??.??"]
[WhiteTeam "Hamburg"]
[BlackTeam "Saarland"]

1. e4 e5 2. Nf3 Nc6 3. d4 exd4 4. Bc4 Nf6 5. O-O Nxe4 6. Re1 d5 7. Bxd5 Qxd5 8.
Nc3 Qa5 9. Nxe4 Be6 10. Neg5 O-O-O 11. Nxe6 fxe6 12. Rxe6 Bd6 13. Bg5 Rdf8 14.
Qe2 Qd5 15. Re1 Qxa2 16. b3 h6 17. Bh4 Qa5 18. Rg6 Rhg8 19. Qe6+ Kb8 20. Qd7
Ne5 21. Qe6 Re8 22. Kh1 Rxe6 23. Rxe6 a6 24. R1xe5 Bxe5 25. Rxe5 Qc3 26. Re2
Rf8 27. Ne1 Rf7 28. f3 g5 29. Bf2 g4 30. Kg1 gxf3 31. Nxf3 d3 32. Re8# 1-0